| 000 | 00669nam a22001937a 4500 | ||
|---|---|---|---|
| 005 | 20100812121831.0 | ||
| 010 | _aENG-99919 | ||
| 020 |
_a9788190786180 _c120.00 |
||
| 035 | _aEN-83451 | ||
| 037 | _bDBAD/PUB | ||
| 082 | _a006.312 | ||
| 100 |
_aNagadeepa, N _911635 |
||
| 245 |
_aIntroduction to Data Mining / _cby N Nagadeepa |
||
| 260 |
_aChennai _bArul Pathippagam _c2009 |
||
| 270 |
_a66, Periyar Street M G R Nagar _bChennai _e600078 |
||
| 300 |
_a134p _c21cm(pbk) |
||
| 942 |
_2ddc _cEN _h006.312 _mNAG |
||
| 999 |
_c41286 _d41286 |
||